000 00750 a2200217 4500
003 NUST
005 20221027155707.0
010 _a 87042646
020 _a0394556631 :
040 _cNust
082 0 0 _a502.8,MOR
100 1 _aMorrison, Philip.
_9101565
245 1 4 _aThe ring of truth :
_ban inquiry into how we know what we know /
_cPhilip, Phylis Morrison.
250 _a1st ed.
260 _aNew York :
_bRandom House,
_cc1987.
300 _a307 p. :
_bill. (some col.) ;
_c27 cm.
505 _aLooking (Page-1), Change (Page-57), Mapping (Page-97), Clues (Page-147), Atoms (Page-181), Assurance And Boubt (Page-223).
650 0 _aScience
_xMethodology.
_914114
700 1 _aMorrison, Phylis,
_d1927-
_9101566
942 _2ddc
_cBK
_k502.8,MOR
999 _c176541
_d176541